[Event "24th 4NCL Congress"]
[Site "Harrogate"]
[Date "2020.01.17"]
[Round "1.1"]
[White "Whitehead, Mark A"]
[Black "Coop, Brian H"]
[Result "1/2-1/2"]
[WhiteElo "1755"]
[BlackElo "1913"]
[PlyCount "91"]
[EventDate "2020.01.17"]

1. e4 c6 2. d4 d5 3. Nd2 dxe4 4. Nxe4 Nf6 5. Ng3 g6 6. c3 Bg7 7. Bd3 O-O 8. Nf3
Nbd7 9. O-O b6 10. Re1 Bb7 11. Bg5 h6 12. Bd2 c5 13. Nh4 cxd4 14. cxd4 Nd5 15.
Qg4 N7f6 16. Qe2 Qd7 17. h3 Rac8 18. Rad1 Qd6 19. Bxg6 fxg6 20. Nxg6 Nd7 21.
Nxf8 Rxf8 22. Qg4 N5f6 23. Qxg7+ Kxg7 24. Nf5+ Kg6 25. Nxd6 exd6 26. Bb4 Rc8
27. Rc1 Rxc1 28. Rxc1 Ne8 29. Re1 Kf7 30. Bd2 h5 31. Bg5 Ndf6 32. f3 Nd5 33.
Bd2 Nef6 34. g4 hxg4 35. hxg4 Bc8 36. Kf2 Bd7 37. Kg3 Kg6 38. a3 a5 39. b4 a4
40. Re2 b5 41. Rh2 Nb6 42. Rh6+ Kg7 43. g5 Ne8 44. Bc3 Nd5 45. Bd2 Nb6 46. Bc3
1/2-1/2

[Event "24th 4NCL Congress"]
[Site "Harrogate"]
[Date "2020.01.17"]
[Round "1.3"]
[White "Sandhu, Manvith"]
[Black "Bielby, Paul R"]
[Result "1/2-1/2"]
[WhiteElo "1747"]
[BlackElo "1902"]
[PlyCount "66"]
[EventDate "2020.01.17"]

1. e4 e5 2. Nf3 Nc6 3. Bb5 a6 4. Ba4 d6 5. c3 f5 6. d3 Nf6 7. Nbd2 Be7 8. O-O
O-O 9. Re1 f4 10. h3 h6 11. Nf1 Be6 12. d4 b5 13. Bb3 Bf7 14. Bxf7+ Rxf7 15. d5
Nb8 16. a4 Nbd7 17. b4 g5 18. a5 Rg7 19. N3d2 Qe8 20. g3 Qg6 21. Kg2 Rf8 22.
Ra3 f3+ 23. Kg1 g4 24. h4 Nh5 25. c4 bxc4 26. Nxc4 Ndf6 27. Qd3 Nd7 28. Nce3
Rgf7 29. Nf5 Rxf5 30. exf5 Rxf5 31. Ne3 Nxg3 32. Nxf5 Nxf5 33. Bf4 Bxh4 1/2-1/2

[Event "24th 4NCL Congress"]
[Site "Harrogate"]
[Date "2020.01.17"]
[Round "1.4"]
[White "Hilton, Tim"]
[Black "Tomlinson, Zak"]
[Result "1/2-1/2"]
[WhiteElo "1892"]
[BlackElo "1745"]
[PlyCount "93"]
[EventDate "2020.01.17"]

1. d4 Nf6 2. Nc3 d5 3. Bf4 a6 4. e3 e6 5. Bd3 c5 6. dxc5 Bxc5 7. Nf3 Nc6 8. O-O
Qe7 9. e4 d4 10. Ne2 e5 11. Bd2 Bg4 12. Ng3 O-O 13. h3 Be6 14. Nh4 Qd7 15. f4
exf4 16. Bxf4 Bd6 17. Bxd6 Qxd6 18. Nhf5 Bxf5 19. Nxf5 Qe5 20. Qf3 Rfe8 21.
Nh6+ gxh6 22. Qxf6 Qxf6 23. Rxf6 Re6 24. Rxe6 fxe6 25. Rf1 Rf8 26. Rxf8+ Kxf8
27. Kf2 Kg7 28. a3 e5 29. Bc4 Ne7 30. Kg3 h5 31. h4 a5 32. Be2 Kh6 33. Kf2 Nc8
34. b3 Nd6 35. Bf3 b5 36. Ke2 b4 37. a4 Kg6 38. Kd3 Kh6 39. g3 Kg6 40. Bg2 Kf6
41. Ke2 Kg6 42. Kf3 Kf6 43. g4 hxg4+ 44. Kxg4 Kg6 45. h5+ Kf6 46. Bf3 h6 47.
Bg2 1/2-1/2

[Event "24th 4NCL Congress"]
[Site "Harrogate"]
[Date "2020.01.17"]
[Round "1.5"]
[White "Millar, Greg F"]
[Black "Burns, Martin J"]
[Result "1/2-1/2"]
[WhiteElo "1741"]
[BlackElo "1878"]
[PlyCount "45"]
[EventDate "2020.01.17"]

1. d4 Nf6 2. c4 g6 3. Nc3 d5 4. cxd5 Nxd5 5. e4 Nxc3 6. bxc3 Bg7 7. Bc4 c5 8.
Ne2 O-O 9. O-O cxd4 10. cxd4 Nc6 11. Be3 Qa5 12. Rc1 Bg4 13. f3 Bd7 14. Qb3 Qb4
15. Rfd1 a6 16. d5 Qxb3 17. Bxb3 Na5 18. Rc7 Bb5 19. Nd4 Rfe8 20. Rdc1 Be5 21.
Nxb5 axb5 22. Rd7 Bd6 23. g3 1/2-1/2

[Event "24th 4NCL Congress"]
[Site "Harrogate"]
[Date "2020.01.17"]
[Round "1.7"]
[White "Potter, Steven"]
[Black "Garnett, John S"]
[Result "1-0"]
[WhiteElo "1732"]
[BlackElo "1865"]
[PlyCount "59"]
[EventDate "2020.01.17"]

1. d4 Nf6 2. Bg5 e6 3. e3 d5 4. Bd3 c5 5. c3 Nc6 6. f4 cxd4 7. exd4 Be7 8. Nf3
h6 9. Bxf6 Bxf6 10. Qe2 Bd7 11. Nbd2 Qc7 12. Ne5 Bxe5 13. fxe5 O-O-O 14. O-O
Rdf8 15. Nb3 f6 16. exf6 gxf6 17. Nc5 Nd8 18. Rae1 b6 19. Na6 Qd6 20. c4 dxc4
21. Bxc4 Qxd4+ 22. Kh1 e5 23. Rc1 Nc6 24. Rfd1 Qg4 25. Qd2 Rd8 26. Qd6 Kb7 27.
Bb5 Qe4 28. Qc7+ Ka8 29. Rxd7 Rxd7 30. Bxc6+ 1-0

[Event "24th 4NCL Congress"]
[Site "Harrogate"]
[Date "2020.01.17"]
[Round "1.8"]
[White "Riding, Mick D"]
[Black "Hall, David G"]
[Result "1/2-1/2"]
[WhiteElo "1854"]
[BlackElo "1722"]
[PlyCount "47"]
[EventDate "2020.01.17"]

1. b3 g6 2. Bb2 Nf6 3. Bxf6 exf6 4. c4 f5 5. Nc3 Bg7 6. Rc1 O-O 7. g3 b6 8. Bg2
Nc6 9. e3 Bb7 10. Nge2 Qc8 11. Nd5 Re8 12. O-O a5 13. d4 Nb4 14. Nec3 Nxd5 15.
cxd5 c6 16. Nb5 Bf8 17. dxc6 dxc6 18. d5 c5 19. Qd3 Qd7 20. Rfd1 Ba6 21. Bf1
Rad8 22. a4 Re5 23. Bg2 Bxb5 24. Qxb5 1/2-1/2

[Event "24th 4NCL Congress"]
[Site "Harrogate"]
[Date "2020.01.17"]
[Round "1.9"]
[White "Tarbuck, Laurence Jm"]
[Black "Mckerracher, Douglas"]
[Result "0-1"]
[WhiteElo "1713"]
[BlackElo "1852"]
[PlyCount "72"]
[EventDate "2020.01.17"]

1. d4 f5 2. c4 Nf6 3. g3 e6 4. Bg2 d5 5. cxd5 exd5 6. Bg5 c6 7. Nf3 Bd6 8. Nbd2
O-O 9. Ne5 Qe8 10. Bxf6 Rxf6 11. Ndf3 Nd7 12. Nxd7 Bxd7 13. Qd2 Qe7 14. O-O-O
a5 15. h4 a4 16. h5 b5 17. h6 g6 18. Ne5 b4 19. Nxd7 Qxd7 20. e3 b3 21. axb3
axb3 22. Qd3 Qb7 23. Kd2 Ra2 24. Rb1 Ba3 25. Kc1 Bd6 26. Kd2 Rf8 27. Ke2 Ba3
28. Qc3 Ra8 29. Kf3 Bf8 30. Bf1 c5 31. dxc5 Rc8 32. Bd3 d4+ 33. c6 Rxc6 34.
Qxd4 Rd6+ 35. Be4 fxe4+ 36. Qxe4 Rf6+ 0-1

[Event "24th 4NCL Congress"]
[Site "Harrogate"]
[Date "2020.01.17"]
[Round "1.10"]
[White "Kenning, Paul H"]
[Black "Tait, Bill"]
[Result "1-0"]
[WhiteElo "1851"]
[BlackElo "1710"]
[PlyCount "73"]
[EventDate "2020.01.17"]

1. d4 d5 2. Bf4 Nf6 3. e3 e6 4. Nd2 Nbd7 5. Bd3 c6 6. c3 Be7 7. Ngf3 O-O 8. Ne5
c5 9. h4 cxd4 10. exd4 h6 11. g4 Ne4 12. g5 Nxg5 13. hxg5 Bxg5 14. Qf3 Qf6 15.
Bxg5 Qxg5 16. Nxd7 Bxd7 17. O-O-O f5 18. Rdg1 Qf6 19. Qh5 Be8 20. Qxh6 Qxh6 21.
Rxh6 Bc6 22. Rxe6 f4 23. Nf3 Rae8 24. Reg6 Rf7 25. Ne5 Rc7 26. R6g4 Rf8 27. Rh4
Rf6 28. Bh7+ Kf8 29. Bg6 Ke7 30. Rh7 Kd6 31. Rh8 Re7 32. Kd2 Kc7 33. Rh7 Bd7
34. Bd3 Bc6 35. Rgxg7 Rxg7 36. Rxg7+ Kb6 37. Rf7 1-0

[Event "24th 4NCL Congress"]
[Site "Harrogate"]
[Date "2020.01.17"]
[Round "1.12"]
[White "Laws, Darren C"]
[Black "Taylor, Robert P"]
[Result "1-0"]
[WhiteElo "1842"]
[BlackElo "1689"]
[PlyCount "53"]
[EventDate "2020.01.17"]

1. d4 d5 2. Nf3 Nf6 3. e3 c6 4. b3 Bg4 5. Be2 e6 6. O-O Nbd7 7. Bb2 Bd6 8. Nbd2
Rc8 9. Ne5 Bxe2 10. Qxe2 O-O 11. c4 Qe7 12. Rac1 Rfd8 13. Rfe1 Ne8 14. Nxd7
Qxd7 15. e4 dxe4 16. Nxe4 Bf4 17. Rcd1 Bc7 18. Qh5 Qe7 19. d5 cxd5 20. cxd5 e5
21. d6 Bxd6 22. Nxd6 Rxd6 23. Rxd6 Qxd6 24. Qxe5 Kf8 25. Qa5 Qd8 26. Qb4+ Qd6
27. Rxe8+ 1-0

[Event "24th 4NCL Congress"]
[Site "Harrogate"]
[Date "2020.01.17"]
[Round "1.13"]
[White "Waterfield, Mark Bw"]
[Black "Bagley, Andy J"]
[Result "0-1"]
[WhiteElo "1688"]
[BlackElo "1833"]
[PlyCount "76"]
[EventDate "2020.01.17"]

1. e4 e6 2. d4 d5 3. Nd2 Nc6 4. Ngf3 Nf6 5. e5 Nd7 6. Bd3 Nb4 7. Be2 c5 8. c3
Nc6 9. O-O f6 10. exf6 Nxf6 11. Re1 cxd4 12. cxd4 Bd6 13. Bd3 O-O 14. b3 Nb4
15. Bb1 Qc7 16. Bb2 Bd7 17. Ne5 Rac8 18. Re3 Be8 19. a3 Nc6 20. Nf1 Bxe5 21.
dxe5 Bh5 22. f3 Nd7 23. Qe1 d4 24. Qh4 dxe3 25. Qxh5 h6 26. Nxe3 Ndxe5 27. Bc2
Qf7 28. Qh3 Rcd8 29. Bc3 Nd4 30. Bd1 Nec6 31. Ra2 e5 32. Rb2 Nf5 33. Bd2 Nxe3
34. Be2 Qf4 35. Bc4+ Kh8 36. Qh5 Qd4 37. Ra2 Nxc4+ 38. Kh1 Nxd2 0-1

[Event "24th 4NCL Congress"]
[Site "Harrogate"]
[Date "2020.01.17"]
[Round "1.14"]
[White "Barber, Andrew M"]
[Black "Bitlloch, Jordi"]
[Result "1/2-1/2"]
[WhiteElo "1822"]
[BlackElo "1683"]
[PlyCount "46"]
[EventDate "2020.01.17"]

1. c4 e5 2. g3 Nf6 3. Bg2 d5 4. cxd5 Nxd5 5. Nc3 Be6 6. Nf3 Nc6 7. a3 Nb6 8. d3
Be7 9. Be3 O-O 10. O-O f6 11. Rc1 Nd4 12. Nd2 c6 13. Nce4 f5 14. Nc5 Bxc5 15.
Rxc5 f4 16. Bxd4 exd4 17. Ne4 Nd5 18. Qd2 Qe7 19. a4 Rac8 20. Rfc1 fxg3 21.
hxg3 Nf6 22. Qg5 h6 23. Qg6 Qe8 1/2-1/2

[Event "24th 4NCL Congress"]
[Site "Harrogate"]
[Date "2020.01.17"]
[Round "1.15"]
[White "Macdonald, Ciaran"]
[Black "Williamson, Graham Ag"]
[Result "1/2-1/2"]
[WhiteElo "1640"]
[BlackElo "1809"]
[PlyCount "42"]
[EventDate "2020.01.17"]

1. d4 f5 2. Bg5 Nf6 3. c4 e6 4. Nf3 Be7 5. Nc3 O-O 6. g3 c6 7. Bg2 d5 8. O-O
Nbd7 9. e3 Qe8 10. Qe2 Ne4 11. Bxe7 Nxc3 12. bxc3 Qxe7 13. a4 Kh8 14. Nd2 Nf6
15. cxd5 exd5 16. c4 dxc4 17. Nxc4 Be6 18. Ne5 Bd5 19. f3 Rad8 20. Rfc1 Nd7 21.
Nd3 Rfe8 1/2-1/2

[Event "24th 4NCL Congress"]
[Site "Harrogate"]
[Date "2020.01.17"]
[Round "1.17"]
[White "Walshaw, David"]
[Black "Stephenson, David W"]
[Result "0-1"]
[WhiteElo "1631"]
[BlackElo "1793"]
[PlyCount "54"]
[EventDate "2020.01.17"]

1. e4 e5 2. Nc3 Nf6 3. f4 d5 4. fxe5 Nxe4 5. Qf3 Nxc3 6. bxc3 c5 7. Qg3 Nc6 8.
Bb5 Qb6 9. Bxc6+ Qxc6 10. Nf3 g6 11. O-O Bg7 12. d3 O-O 13. Be3 b6 14. Rf2 Be6
15. Bg5 Rfe8 16. Bf6 h5 17. Raf1 Bxf6 18. exf6 Qa4 19. Nh4 Kh7 20. Rf4 Qxc2 21.
Nxg6 Rg8 22. Rh4 Rxg6 23. Rxh5+ Kg8 24. Rg5 Bf5 25. Rfxf5 Qc1+ 26. Rf1 Qxg5 27.
Qxg5 Rxg5 0-1

[Event "24th 4NCL Congress"]
[Site "Harrogate"]
[Date "2020.01.17"]
[Round "1.18"]
[White "Obi, Marc On"]
[Black "Parry, Jacques H"]
[Result "1-0"]
[WhiteElo "1783"]
[BlackElo "1616"]
[PlyCount "89"]
[EventDate "2020.01.17"]

1. d4 Nf6 2. Bf4 e6 3. e3 d5 4. Nd2 Bd6 5. Bg3 b6 6. Bd3 c5 7. c3 Bb7 8. Ngf3
Nc6 9. Qe2 cxd4 10. exd4 O-O 11. Ne5 Ne7 12. Bh4 Ng6 13. Bxf6 gxf6 14. Nxg6
hxg6 15. O-O-O e5 16. h4 exd4 17. cxd4 Re8 18. Qf3 f5 19. h5 Qf6 20. hxg6 fxg6
21. Qh3 Rac8+ 22. Kb1 Rc7 23. g4 fxg4 24. Qxg4 Rg7 25. Rh6 Bc8 26. Qg2 Bf5 27.
Qxd5+ Be6 28. Qf3 Qxf3 29. Nxf3 Bg4 30. Bc4+ Be6 31. Bxe6+ Rxe6 32. Ng5 Re8 33.
Rdh1 Kf8 34. d5 Bf4 35. Ne6+ Rxe6 36. Rh8+ Kf7 37. dxe6+ Kxe6 38. Re1+ Kf5 39.
Rf8+ Kg4 40. Rg1+ Kf3 41. Rg3+ Kxf2 42. Rg4 g5 43. Rfxf4+ gxf4 44. Rxg7 f3 45.
Rxa7 1-0

[Event "24th 4NCL Congress"]
[Site "Harrogate"]
[Date "2020.01.17"]
[Round "1.19"]
[White "Teague, David"]
[Black "Cawston, M John"]
[Result "0-1"]
[WhiteElo "1614"]
[BlackElo "1778"]
[PlyCount "86"]
[EventDate "2020.01.17"]

1. e4 c5 2. Nc3 a6 3. g3 b5 4. Bg2 Bb7 5. d3 e6 6. f4 d5 7. e5 Qc7 8. Nh3 h5 9.
O-O Ne7 10. Bf3 g6 11. Ng5 Nf5 12. Ne2 Nc6 13. c3 Be7 14. Kg2 Bxg5 15. fxg5
Nxe5 16. Bf4 d4 17. Nxd4 cxd4 18. cxd4 Bxf3+ 19. Rxf3 Nxd4 20. Rc1 Qd6 21. Re3
Qd5+ 22. Re4 Nec6 23. Qf1 Nf5 24. Kh3 O-O 25. g4 hxg4+ 26. Kxg4 Nfd4 27. Kg3
Qf5 28. Qg2 e5 29. Bd2 Qe6 30. Rg4 Rad8 31. h4 Nf5+ 32. Kh2 Ncd4 33. Re1 Qd5
34. Rge4 Nd6 35. Bb4 Nxe4 36. dxe4 Qc6 37. Rf1 f5 38. gxf6 Rxf6 39. Be7 Rxf1
40. Qxf1 Qc2+ 41. Kh3 Qc8+ 42. Kg3 Rf8 43. Bxf8 Qxf8 0-1

[Event "24th 4NCL Congress"]
[Site "Harrogate"]
[Date "2020.01.17"]
[Round "1.20"]
[White "Dean, Robert A"]
[Black "Jayawarna, Tarini"]
[Result "1-0"]
[WhiteElo "1771"]
[BlackElo "1564"]
[PlyCount "63"]
[EventDate "2020.01.17"]

1. e4 e6 2. d4 d5 3. Nd2 c5 4. exd5 Qxd5 5. Ngf3 cxd4 6. Bc4 Qd6 7. O-O Nf6 8.
Nb3 Nc6 9. Nbxd4 Nxd4 10. Nxd4 Bd7 11. Re1 Qc7 12. Bb3 O-O-O 13. Qe2 Bc5 14. c3
h5 15. h3 Rdg8 16. Bg5 h4 17. Rad1 Nh5 18. Qf3 Rf8 19. Rd2 f6 20. Be3 e5 21.
Nc2 Bxe3 22. Nxe3 Nf4 23. Nd5 Nxd5 24. Bxd5 Bc6 25. Bxc6 Qxc6 26. Qg4+ Kb8 27.
Red1 g5 28. Rd7 a6 29. R1d6 Qb5 30. b3 Qc5 31. Qf3 Rh6 32. Qxb7# 1-0

[Event "24th 4NCL Congress"]
[Site "Harrogate"]
[Date "2020.01.17"]
[Round "1.22"]
[White "Kane, Robert"]
[Black "Pal, Rohan"]
[Result "1/2-1/2"]
[WhiteElo "1763"]
[BlackElo "1496"]
[PlyCount "95"]
[EventDate "2020.01.17"]

1. d4 d5 2. Nf3 Nf6 3. Bf4 e6 4. e3 Bd6 5. Bg3 O-O 6. Bd3 c5 7. c3 Nc6 8. Nbd2
Qe7 9. Ne5 h6 10. f4 Nd7 11. Qh5 cxd4 12. exd4 Ndxe5 13. fxe5 Bc7 14. Bh4 Qe8
15. Qg4 Bd8 16. O-O Bxh4 17. Qxh4 Qe7 18. Qh5 Qg5 19. Qe2 f5 20. exf6 Rxf6 21.
Nf3 Qh5 22. Ne5 Qxe2 23. Bxe2 Nxe5 24. dxe5 Rxf1+ 25. Rxf1 Bd7 26. Bd3 a5 27.
Kf2 Rf8+ 28. Ke3 Rxf1 29. Bxf1 b6 30. Bd3 g5 31. Kd4 Kf7 32. g3 Ke7 33. Bg6 Kf8
34. Ke3 Ke7 35. b4 axb4 36. cxb4 Ba4 37. Bd3 Kd7 38. Be2 Ke7 39. Kd3 Kf8 40.
Kd4 Ke7 41. b5 Kd7 42. Kc3 Kc7 43. Kb4 Bc2 44. a4 Kb7 45. a5 bxa5+ 46. Kxa5 d4
47. Bf3+ Kb8 48. Kb4 1/2-1/2

[Event "24th 4NCL Congress"]
[Site "Harrogate"]
[Date "2020.01.18"]
[Round "2.13"]
[White "Hall, David G"]
[Black "Baxter, Harry"]
[Result "1-0"]
[WhiteElo "1722"]
[BlackElo "1861"]
[PlyCount "135"]
[EventDate "2020.01.17"]

1. d4 Nf6 2. Nf3 d5 3. c4 g6 4. g3 Bg7 5. Nbd2 O-O 6. Bg2 dxc4 7. Nxc4 Nc6 8.
O-O Be6 9. b3 Bd5 10. Bb2 a5 11. Rc1 Ra6 12. Nfe5 Bxg2 13. Kxg2 Qd5+ 14. f3 Bh6
15. Ra1 Qe6 16. e4 Rd8 17. d5 Qc8 18. Qe2 Nxe5 19. Nxe5 Nd7 20. Ng4 Bg7 21.
Bxg7 Kxg7 22. Qb2+ f6 23. Rad1 h5 24. Ne3 Ne5 25. Nc4 Nxc4 26. bxc4 c6 27. Rf2
Qc7 28. Rfd2 c5 29. Qb5 Rdd6 30. Qb2 Rdb6 31. Qc3 Qe5 32. Qe3 Qc7 33. f4 Rb4
34. Rc2 Rab6 35. e5 Rb2 36. Rdd2 Rxc2 37. Rxc2 a4 38. exf6+ exf6 39. Qe8 a3 40.
Qa4 Ra6 41. Qe8 Rb6 42. Qe3 Ra6 43. Rc3 Ra4 44. Qe8 Rb4 45. Re3 Rb2+ 46. Kh3
Rxa2 47. Re7+ Qxe7 48. Qxe7+ Kh6 49. Qxc5 g5 50. fxg5+ fxg5 51. Qd6+ Kh7 52.
Qe7+ Kg6 53. Qe6+ Kg7 54. d6 Rd2 55. Qe5+ Kg6 56. Qe4+ Kh6 57. Qe6+ Kg7 58. Qe3
g4+ 59. Kh4 Rxh2+ 60. Kg5 a2 61. Qc3+ Kh7 62. d7 a1=Q 63. Qxa1 Rd2 64. Qf6 h4
65. d8=Q Rxd8 66. Qxd8 b5 67. Kxh4 bxc4 68. Qc7+ 1-0

[Event "24th 4NCL Congress"]
[Site "Harrogate"]
[Date "2020.01.18"]
[Round "2.14"]
[White "Bitlloch, Jordi"]
[Black "Riding, Mick D"]
[Result "1/2-1/2"]
[WhiteElo "1683"]
[BlackElo "1854"]
[PlyCount "60"]
[EventDate "2020.01.17"]

1. e4 c5 2. Nf3 d6 3. d4 cxd4 4. Nxd4 Nf6 5. Nc3 g6 6. Be2 Bg7 7. Be3 O-O 8.
O-O Nc6 9. Nb3 Be6 10. f3 d5 11. exd5 Nxd5 12. Nxd5 Bxd5 13. c3 Ne5 14. Qc1 Bc4
15. Rd1 Qc7 16. Qc2 Rfd8 17. Nc5 b6 18. Na6 Qb7 19. Nb4 a5 20. Nd3 Qa6 21. Nxe5
Bxe2 22. Rxd8+ Rxd8 23. Nc6 Rd7 24. Nb8 Qd3 25. Qxd3 Rxd3 26. Bxb6 Rd2 27. Nc6
Rxb2 28. Nxe7+ Kf8 29. Nd5 Rb5 30. Re1 Rxd5 1/2-1/2

[Event "24th 4NCL Congress"]
[Site "Harrogate"]
[Date "2020.01.18"]
[Round "2.15"]
[White "Cooper, Malcolm H"]
[Black "Macdonald, Ciaran"]
[Result "0-1"]
[WhiteElo "1847"]
[BlackElo "1640"]
[PlyCount "106"]
[EventDate "2020.01.17"]

1. d4 d5 2. c4 c6 3. Nf3 Nf6 4. Nc3 dxc4 5. a4 Bf5 6. e3 e6 7. Bxc4 Bb4 8. Bd2
a5 9. O-O Nbd7 10. h3 O-O 11. Nh4 Bg6 12. Nxg6 hxg6 13. Na2 Bd6 14. b4 Ne4 15.
b5 c5 16. dxc5 Ndxc5 17. Bc3 Qe7 18. Qe2 Rfd8 19. Rfd1 Nxa4 20. Qc2 Naxc3 21.
Nxc3 Nxc3 22. Qxc3 Rac8 23. Qb3 Bb4 24. Kf1 Qf6 25. Rac1 b6 26. Kg1 Kf8 27.
Rxd8+ Rxd8 28. Rd1 Ke8 29. Kf1 Rxd1+ 30. Qxd1 Qc3 31. Bb3 Ke7 32. Kg1 Qe1+ 33.
Qxe1 Bxe1 34. Kf1 Bb4 35. Ke2 Kd6 36. Bc4 Kc5 37. Bd3 Bc3 38. Kd1 Kb4 39. Kc2
a4 40. Kb1 a3 41. Ka2 Bb2 42. Kb1 Kb3 43. Bc2+ Kc3 44. Be4 Kd2 45. Bc6 f6 46.
h4 Ke2 47. Be8 Kxf2 48. Bxg6 Kxe3 49. Bf7 e5 50. g4 Kf4 51. Be6 e4 52. Kc2 e3
53. Kd1 Kf3 0-1

[Event "24th 4NCL Congress"]
[Site "Harrogate"]
[Date "2020.01.18"]
[Round "2.16"]
[White "Williamson, Graham Ag"]
[Black "Dowling, Richard K"]
[Result "1-0"]
[WhiteElo "1809"]
[BlackElo "1705"]
[PlyCount "53"]
[EventDate "2020.01.17"]

1. d4 Nf6 2. Bf4 e6 3. c3 d5 4. e3 Bd6 5. Bg5 Nbd7 6. f4 Be7 7. Nd2 O-O 8. Bd3
h6 9. Bh4 c5 10. Ngf3 Ne8 11. Bxe7 Qxe7 12. Qe2 c4 13. Bc2 b5 14. g4 Nd6 15.
O-O Bb7 16. Kh1 f5 17. Rg1 Ne4 18. g5 hxg5 19. Nxg5 Nxg5 20. Rxg5 Nf6 21. Rag1
Rf7 22. Nf3 Nd7 23. Qg2 Kf8 24. Nh4 Qf6 25. Bd1 Qh6 26. Ng6+ Ke8 27. Rh5 1-0

[Event "24th 4NCL Congress"]
[Site "Harrogate"]
[Date "2020.01.18"]
[Round "2.17"]
[White "Connor, Michael I"]
[Black "Jones, Neil T"]
[Result "1/2-1/2"]
[WhiteElo "1576"]
[BlackElo "1806"]
[PlyCount "83"]
[EventDate "2020.01.17"]

1. d4 Nf6 2. c4 e6 3. g3 Bb4+ 4. Bd2 Qe7 5. Nc3 Nc6 6. Nf3 Bxc3 7. Bxc3 d5 8.
e3 O-O 9. Bg2 Rb8 10. O-O Ne4 11. Qc2 Nxc3 12. Qxc3 Bd7 13. Nd2 dxc4 14. Nxc4
Rfe8 15. Rfd1 Nb4 16. e4 Na6 17. a3 c5 18. dxc5 Nxc5 19. Nd6 Na4 20. Qb4 Red8
21. e5 b6 22. Nb7 Re8 23. Qd6 Qxd6 24. Rxd6 Bb5 25. b4 Rbc8 26. h4 Rc7 27. Rad1
Nb2 28. R1d4 Nc4 29. Rd8 Rc8 30. Rxe8+ Bxe8 31. Nd6 Nxd6 32. exd6 Bd7 33. Kf1
f6 34. Ke1 b5 35. Kd2 Kf7 36. f4 Ke8 37. g4 Kd8 38. g5 Bc6 39. Bh3 f5 40. Bf1
a6 41. a4 Kd7 42. Bd3 1/2-1/2

[Event "24th 4NCL Congress"]
[Site "Harrogate"]
[Date "2020.01.18"]
[Round "2.18"]
[White "O'gorman, Brendan"]
[Black "Davies, Sam"]
[Result "0-1"]
[WhiteElo "1632"]
[BlackElo "1788"]
[PlyCount "70"]
[EventDate "2020.01.17"]

1. c4 Nf6 2. Nf3 c5 3. Nc3 Nc6 4. e4 d6 5. d4 cxd4 6. Nxd4 g6 7. Be2 Bg7 8. Be3
Qa5 9. O-O O-O 10. a3 Ne8 11. b4 Qd8 12. Rc1 Nxd4 13. Bxd4 Bxd4 14. Qxd4 Ng7
15. Rfd1 Ne6 16. Qd2 b6 17. f4 Bb7 18. f5 Ng7 19. f6 exf6 20. Qxd6 f5 21. e5
Qg5 22. Nd5 Bxd5 23. cxd5 Qe3+ 24. Kf1 Rad8 25. Qf6 Rxd5 26. Rxd5 Qxc1+ 27. Rd1
Qxa3 28. Bc4 Qxb4 29. Bxf7+ Rxf7 30. Rd8+ Rf8 31. e6 Qc4+ 32. Kg1 Qc1+ 33. Kf2
Qf4+ 34. Kg1 Qe3+ 35. Kf1 Nxe6 0-1

[Event "24th 4NCL Congress"]
[Site "Harrogate"]
[Date "2020.01.18"]
[Round "2.19"]
[White "Grice, Alec"]
[Black "Whitehead, Mark A"]
[Result "0-1"]
[WhiteElo "1570"]
[BlackElo "1755"]
[PlyCount "65"]
[EventDate "2020.01.17"]

1. e4 c5 2. Nf3 e6 3. c3 d5 4. exd5 Qxd5 5. Na3 Nf6 6. Bc4 Qd8 7. O-O Be7 8. d4
cxd4 9. cxd4 O-O 10. Nb5 a6 11. Nc3 b5 12. Bd3 Bb7 13. Qe2 Nc6 14. Bf4 Nxd4 15.
Nxd4 Qxd4 16. Be3 Qd6 17. Rfd1 Qc6 18. f3 b4 19. Ne4 Nd5 20. Bd2 Rac8 21. Kh1
h6 22. Qf2 Rfd8 23. Qg3 Kf8 24. a3 Qb6 25. Be1 f5 26. Bf2 Qc6 27. Rac1 Qxc1 28.
Rxc1 Rxc1+ 29. Bg1 fxe4 30. Bxe4 Bc5 31. h3 Rxg1+ 32. Kh2 Bd6 33. f4 0-1

[Event "24th 4NCL Congress"]
[Site "Harrogate"]
[Date "2020.01.18"]
[Round "2.20"]
[White "Robinson, Brian"]
[Black "Kane, Robert"]
[Result "0-1"]
[WhiteElo "1573"]
[BlackElo "1763"]
[PlyCount "74"]
[EventDate "2020.01.17"]

1. d4 d5 2. Nf3 e6 3. e3 f5 4. c4 Nf6 5. Nc3 c6 6. Bd3 Bd6 7. O-O O-O 8. Bd2
Ne4 9. cxd5 exd5 10. a3 Nd7 11. b4 Rf6 12. Qb3 Nxd2 13. Nxd2 Rh6 14. g3 Nf6 15.
Rfe1 Be6 16. Qc2 Ne4 17. Nf1 Qf6 18. Ne2 Ng5 19. Kh1 Nf3 20. Red1 Qg6 21. Ng1
Qh5 22. Nxf3 Qxf3+ 23. Kg1 g5 24. Be2 Qe4 25. Bd3 Qg4 26. Qe2 Qh3 27. Qf3 Rf8
28. Qg2 Qxg2+ 29. Kxg2 f4 30. e4 dxe4 31. Bxe4 Bh3+ 32. Kg1 Rhf6 33. Bg2 Bxg2
34. Kxg2 fxg3 35. fxg3 Rf2+ 36. Kg1 Re2 37. Rd2 Rxf1+ 0-1

[Event "24th 4NCL Congress"]
[Site "Harrogate"]
[Date "2020.01.18"]
[Round "2.21"]
[White "Pal, Rohan"]
[Black "Graham, Oliver"]
[Result "0-1"]
[WhiteElo "1496"]
[BlackElo "1908"]
[PlyCount "102"]
[EventDate "2020.01.17"]

1. e4 c5 2. Nf3 Nc6 3. d4 cxd4 4. Nxd4 d6 5. Nc3 a6 6. Be3 Nf6 7. f3 e5 8. Nb3
b5 9. Qd2 Be6 10. O-O-O Be7 11. g4 h6 12. Be2 Qc7 13. h4 O-O-O 14. Nd5 Bxd5 15.
exd5 Nb8 16. Qb4 Kd7 17. Bd3 Ke8 18. g5 hxg5 19. hxg5 Rxh1 20. Rxh1 Nxd5 21.
Rh8+ Bf8 22. Qe4 Nxe3 23. Qxe3 Nc6 24. f4 Nb4 25. Kb1 Nxd3 26. Qxd3 exf4 27.
Qe4+ Kd7 28. Qxf4 Kc8 29. Qf5+ Kb8 30. g6 f6 31. Nd4 Re8 32. Ne6 Qc8 33. Kc1
Rxe6 34. Rxf8 Re1+ 35. Kd2 Qxf8 36. Kxe1 Qe7+ 37. Kd2 Qe5 38. Qd7 Qf4+ 39. Kd1
Qf1+ 40. Kd2 Qf4+ 41. Kd1 Qf1+ 42. Kd2 Qg2+ 43. Kd1 Qd5+ 44. Ke2 Qc4+ 45. Kd2
Qc7 46. Qe8+ Kb7 47. Qe4+ Kb6 48. Qe3+ Qc5 49. Qe7 Qd4+ 50. Kc1 Qe5 51. Qxg7
Qe1# 0-1

[Event "24th 4NCL Congress"]
[Site "Harrogate"]
[Date "2020.01.18"]
[Round "2.22"]
[White "Garnett, John S"]
[Black "Walshaw, David"]
[Result "0-1"]
[WhiteElo "1865"]
[BlackElo "1631"]
[PlyCount "119"]
[EventDate "2020.01.17"]

1. d4 g6 2. e4 Bg7 3. Nc3 d6 4. Nf3 Nd7 5. Be3 a6 6. Bc4 e6 7. Qd2 b5 8. Bd3 c5
9. Bg5 Qb6 10. dxc5 Nxc5 11. O-O Bb7 12. Rfe1 b4 13. Nd1 h6 14. Be3 Nf6 15. a3
bxa3 16. Rxa3 Ng4 17. Bxc5 dxc5 18. Ne3 Nxe3 19. Qxe3 Qc7 20. e5 O-O 21. Be4
Rfb8 22. Bxb7 Rxb7 23. Qe4 a5 24. b3 Rd8 25. Raa1 Rb4 26. Qe2 c4 27. Rab1 Rdb8
28. Nd2 cxb3 29. cxb3 R4b5 30. f4 Bf8 31. Qc4 Qb6+ 32. Kh1 Rc5 33. Qe4 Rd8 34.
Nc4 Qb4 35. Qf3 Rcd5 36. Qe2 Rd3 37. Qa2 R8d4 38. Qxa5 Rxb3 39. Qxb4 Rxb4 40.
Nd6 Bxd6 41. exd6 Rxb1 42. Rxb1 Rxd6 43. h3 Kg7 44. Rb2 Rd4 45. Rf2 g5 46. fxg5
hxg5 47. g3 f5 48. Kg2 Rd3 49. Ra2 Kf6 50. Ra5 f4 51. gxf4 gxf4 52. Ra4 e5 53.
Ra8 e4 54. Rf8+ Ke5 55. h4 f3+ 56. Kg3 Rd6 57. Ra8 Rg6+ 58. Kh3 f2 59. Ra5+ Kf4
60. Ra8 0-1

[Event "24th 4NCL Congress"]
[Site "Harrogate"]
[Date "2020.01.18"]
[Round "2.23"]
[White "Doherty, Paul D"]
[Black "Teague, David"]
[Result "1-0"]
[WhiteElo "1733"]
[BlackElo "1614"]
[PlyCount "101"]
[EventDate "2020.01.17"]

1. e4 e6 2. a3 d5 3. e5 c5 4. b4 b6 5. Nf3 f6 6. d3 Qc7 7. Bf4 cxb4 8. Qd2 f5
9. axb4 Ne7 10. c3 Ng6 11. d4 Nxf4 12. Qxf4 a5 13. Be2 Na6 14. b5 Nb8 15. O-O
Be7 16. Nbd2 h6 17. c4 g5 18. Qe3 g4 19. Ne1 Bb7 20. f3 h5 21. Nd3 Bf8 22. cxd5
Bxd5 23. Rfc1 Qb7 24. Rc2 gxf3 25. Nxf3 Bb3 26. Rc3 Bh6 27. Ng5 f4 28. Qh3 Bxg5
29. Rxb3 Qd5 30. Nf2 Ke7 31. Qc3 Ra7 32. Bc4 Qb7 33. Qd3 Qc8 34. Ne4 Qg8 35.
Rb2 Rh6 36. Qa3+ Kf7 37. d5 Be7 38. d6 Bd8 39. Re1 Nd7 40. Qc3 Rg6 41. Qf3 Ke8
42. Qxh5 Kf8 43. Rf1 Kg7 44. Rxf4 Nc5 45. Nxc5 bxc5 46. Rg4 Qf7 47. Rf2 Qe8 48.
Rgf4 a4 49. Rf8 Rxg2+ 50. Rxg2+ Kxf8 51. Qh8+ 1-0